|
|
|
|
| LEADER |
00000nab a2200000 ar4500 |
| 001 |
vtls009169523 |
| 003 |
SK-MaSNL |
| 005 |
20260305014107.0 |
| 008 |
071221c2007 xo mr|p|||||||000 b|slo |
| 015 |
|
|
|a SNBRB2007/12
|2 snkbucl
|
| 038 |
|
|
|a SNKBUCL
|
| 040 |
|
|
|a SNKBUCL
|b slo
|c SNKBUCL
|e AACR2
|
| 041 |
0 |
|
|a slo
|
| 044 |
|
|
|a xo
|c SK
|
| 080 |
|
|
|a 364.3-73
|x (437.6)
|2 2001
|
| 080 |
|
|
|a 364.3:37
|x (437.6)
|2 2001
|
| 100 |
1 |
|
|a Krýslová, Marta
|4 aut
|9 1592001
|
| 245 |
1 |
0 |
|a Pozornosť vzdelávaniu
|c Marta Krýslová
|
| 610 |
2 |
7 |
|a Sociálna poisťovňa (Slovensko)
|2 snkbucl
|9 30541
|
| 650 |
0 |
7 |
|a sociálne poistenie
|2 snkbucl
|9 29221
|
| 650 |
0 |
7 |
|a vzdelávanie
|2 snkbucl
|
| 773 |
0 |
|
|t Národné poistenie
|g Roč. XXXIX, č. 12 (2007), s. 8
|x 1335-4795
|
| 852 |
|
|
|a SNK
|b KIS3GCP
|
| 958 |
|
|
|a SK
|
| 999 |
|
|
|c 3267607
|d 3269537
|